Un asunto criminal contemporáneo: rol de las empresas, responsabilidad penal de las personas jurídicas y corrupción

Kaydedildi:
Detaylı Bibliyografya
Yazar: Szczaranski Cerda, Clara Leonora (Yazar)
Materyal Türü: Kitap
Dil:İspanyolca
Baskı/Yayın Bilgisi: Santiago Jurídica de Chile 2010
Edisyon:1a. ed
Konular:
Etiketler: Etiketle
Etiket eklenmemiş, İlk siz ekleyin!

MARC

LEADER 00000nam a2200000 a 4500
001 UCG2177
003 CL-VaPUC
008 100624e20100400CL |||||||||||||||||spa|d
020 |a 9789561020252 
082 0 4 |a 345.04  |b SZC  |2 21 
100 0 |a Szczaranski Cerda, Clara Leonora  |e author  |9 550541 
245 1 3 |a Un asunto criminal contemporáneo: rol de las empresas, responsabilidad penal de las personas jurídicas y corrupción 
250 |a 1a. ed 
300 |a 418 p 
942 |c BK 
945 |d 20100624 00:00:00  |a dcastane 
260 |a Santiago  |b Jurídica de Chile  |c 2010 
650 0 |a Responsabilidad penal  |9 254899 
650 7 |a DELITOS POLITICOS  |2 CL-VaPUC  |9 256092 
650 7 |a DELITOS ADMINISTRATIVOS  |2 CL-VaPUC  |9 550542 
650 0 |a Corrupción  |9 328304 
583 |a last modification  |c 20100624 00:00:00  |k Rodrigo Vera 
999 |c 341406  |d 341404 
952 |0 0  |1 0  |4 0  |6 345_040000000000000_SZC_2010  |7 0  |8 A  |9 436857  |a BIBDER  |b BIBDER  |d 2019-11-22  |i 4690516  |l 2  |m 1  |o 345.04 SZC 2010  |p 4690516  |r 2023-05-26  |s 2023-05-26  |w 2019-11-22  |y BK  |k DER